Guess the Lyrics Quiz Stats

Quiz not verified by Sporcle

Challenge
Share
Tweet
Embed
Score 0/142 Timer 07:00
0 Plays Today
% Correct
the
94%
a
94%
And
94%
the
94%
And
94%
a
94%
a
94%
And
94%
And
94%
And
94%
You
91%
You
91%
you
91%
you
91%
you
91%
you
91%
you
91%
you
91%
You
91%
you
91%
you
91%
are
79%
me
76%
me
76%
love
74%
love
74%
to
73%
to
73%
to
73%
be
70%
be
70%
be
70%
be
70%
be
70%
In
61%
it
61%
can
59%
Can
59%
can
59%
I
58%
I
58%
I
58%
I
58%
I
58%
I
58%
I
58%
so
57%
So
57%
% Correct
So
57%
your
53%
your
53%
Your
53%
your
53%
your
53%
see
52%
see
52%
see
52%
see
52%
of
50%
of
50%
why
50%
When
50%
why
50%
know
47%
If
45%
Like
43%
Don't
42%
don't
42%
Don't
42%
don't
42%
them
40%
them
40%
all
39%
all
39%
up
36%
can't
34%
there
34%
It's
32%
this
32%
then
31%
eyes
30%
take
30%
I'll
30%
I'll
30%
with
29%
make
29%
But
28%
that's
28%
that's
28%
let
27%
let
27%
smile
25%
feel
23%
show
21%
Show
21%
saw
21%
% Correct
show
21%
world
20%
beautiful
20%
world
20%
afraid
19%
afraid
19%
you've
18%
true
17%
true
17%
true
17%
True
17%
true
17%
true
17%
sad
16%
through
16%
Because
16%
through
16%
full
14%
colors
14%
colors
14%
colors
14%
colors
14%
rainbow
14%
colors
14%
colors
14%
hard
13%
Shining
13%
Shining
13%
call
12%
lose
11%
small
11%
last
11%
people
10%
makes
10%
crazy
9%
taken
9%
inside
8%
remember
8%
discouraged
6%
sight
6%
darkness
6%
courage
4%
unhappy
4%
laughing
4%
bear
4%
realize
3%

You're not logged in!

Compare scores with friends on all Sporcle quizzes.
Join for Free
OR
Log In

You Might Also Like...

Show Comments

Extras

Created Aug 7, 2010ReportNominate

Top Quizzes Today


Score Distribution

Your Account Isn't Verified!

In order to create a playlist on Sporcle, you need to verify the email address you used during registration. Go to your Sporcle Settings to finish the process.

Report this User

Report this user for behavior that violates our Community Guidelines.

Details: